1310 1037 1028 1965 1730 1109 1895 1836 1463 1060 1698 1560 1827 1127 1768 1389 1059 1399 1270 1107 1705 1218 1257 1565 1866 1330 1013 1143 1107 1812 1448 1954 1627 1595 1716 1898 1919 1020 1170 1897 1211 1598 1116 1064 1013 1099 1076 1968 1405 1600 1265 1541 1614 1360 1146 1820 1483 1582 1159 1824 1521 1634 1976 1300 1165 1502 1397 1615 1604 1795 1231 1107 1031 1313 1334 1364 1060 1452 1599 1418 1652 1195 1962 1059 1785 1315 1468 1730 1111 1691 1181 1301 1052 1278 1506 1416 1615 1207 1421 BCNSPRNW ULIB Ver.6.0+V

เปลี่ยนเป็นภาษาไทย

Change to English
 แสดงรายละเอียดบรรณานุกรม
  กลับหน้าหลัก

Brief Record : Get Marc (ISO 2709) : E-mail record : QR code < ปิดหน้าต่าง
LEADER : 00000nam 2200000uu 4500
001    13399123271
003     ULIB
008    140813s2553||||th 000 0 tha d
020    ^a9789741113965
060  4 ^aW225.JT3^bง319 ล.4
245 00 ^aงานวิจัยเพื่อการพัฒนาหน่วยบริการปฐมภูมิ :^b1.ศูนย์แพทย์ชุมชนภายใต้ระบบหลักประกันสุขภาพแห่งชาติ :กรณีศึกษาศูนย์แพทย์ชุมชน 9 แห่ง 2.ต้นทุนต่อหน่วยบริการในระดับปฐมภูมิ :กรณีศึกษาศูนย์สุขภาพชุมชน 6 จังหวัด /^cคณะผู้วิจัย สุพัตรา ศรีวณิชชากร ... [และคนอื่น ๆ]
246 14 ^aงานวิจัยเพื่อการพัฒนาหน่วยบริการปฐมภูมิ :^b1.ศูนย์แพทย์ชุมชนภายใต้ระบบหลักประกันสุขภาพแห่งชาติ :กรณีศึกษาศูนย์แพทย์ชุมชน 9 แห่ง 2.ต้นทุนต่อหน่วยบริการในระดับปฐมภูมิ :กรณีศึกษาศูนย์สุขภาพชุมชน 6 จังหวัด.^nเล่ม 4
246 30 ^aศูนย์แพทย์ชุมชนภายใต้ระบบหลักประกันสุขภาพแห่งชาติ :^bกรณีศึกษาศูนย์แพทย์ชุมชน 9 แห่ง
246 30 ^aต้นทุนต่อหน่วยบริการในระดับปฐมภูมิ :^bกรณีศึกษาศูนย์สุขภาพชุมชน 6 จังหวัด
250    ^aพิมพ์ครั้งที่ 1
260    ^aนครปฐม :^bสำนักงานวิจัยและพัฒนาระบบสุขภาพชุมชน,^c2553
300    ^a100 หน้า :^bภาพประกอบ
490 0  ^aชุดรวมผลงานวิจัยของสำนักงานวิจัยและพัฒนาระบบสุขภาพชุมชนพ.ศ. 2550-2552 ;^vเล่มที่ 4
505 0  ^a^tสรุปบทเรียนการพัฒนาศูนย์แพทย์ชุมชนภายใต้ระบบหลักประกันสุขภาพแห่งชาติ กรณีศึกษาศูนย์แพทย์ชุมชน 9 แห่ง - -^tต้นทุนต่อหน่วยบริการในระดับปฐมภูมิ ในศูนย์สุขภาพชุมชน (PCU) ปีงบประมาณ 2549 กรณีศึกษา 6 จังหวัด
650  7 ^aประกันสุขภาพ^zไทย^xวิจัย
650  7 ^aศูนย์สุขภาพชุมชน^xวิจัย
650  7 ^aบริการปฐมภูมิ(การแพทย์)^zไทย^xวิจัย
650  7 ^aบริการทางการแพทย์^xค่าใช้จ่าย
700 0  ^aสุพัตรา ศรีวณิชชากร
710 2  ^aสำนักงานวิจัยและพัฒนาระบบสุขภาพชุมชน
945    ^p0^l0^i034569
999    ^aเกษร โพธิ์สุวรรณ
รายการนี้ยังไม่มีแท็ก
คุณยังไม่ได้ล็อกอิน คุณสามารถมีกิจกรรมร่วมกับเว็บไซต์ได้ แต่ต้องล็อกอินก่อน ::
  ล็อกอิน

รายการสื่อสารสนเทศ

ลำดับที่ ประเภท เลขเรียก/บาร์โค้ด สถานที่ สถานะ
1. วิทยาศาสตร์การแพทย์ และสุขภาพ
วิทยาศาสตร์การแพทย์ และสุขภาพ
W225.JT3 ง319 ล.4 ฉ.1 
  Barcode: 034569
ห้องสมุดวิทยาเขตสวรรค์ประชารักษ์
►ส่วนจัดเก็บหนังสือเก่า สปร
บนชั้น
  ขอยืม

BibComment


ยังไม่เคยถูกคอมเมนท์

คอมเมนท์ทรัพยากรรายการนี้
  คอมเมนท์: งานวิจัยเพื่อการ..


 Copyright 2026. Bcnsprnw @Library